• 首页
  • 本馆介绍
  • 公告通知
  • 最新文献
  • 馆藏检索
  • 电子资源
  • 读者导购
  • 参考咨询
  • 我的图书馆
  • 登录
  • 详细信息显示
  • 放入我的书架
  • 预约/预借图书
  • 作者相关作品
  • 分类相关作品
  • 丛书相关作品
  • 出版社相关作品

书目信息

  • 表格格式
  • 工作单格式
  • 卡片格式
题名:
中国近代手工业史资料
    
 
作者: 彭泽益 编
分册: 第四卷  
出版信息: 北京   中华书局  1984
页数: 595页
开本: 21cm
丛书名:
单 册:
中图分类: F429.5
科图分类:
主题词: 手工业-工业史--中国--近代 , 工业史-手工业--中国--近代 , 工业经济--中国
电子资源:
ISBN:
000 00752nam0 2200265 45
001 0184013276
005 20040429154044.8
010    @dCNY2.60
091    @a11018.292
100    @a19950610d1984 emky0chiy0121 ea
101 0  @achi
102    @aCN@b110000
105    @ay iz 000yy
106    @ar
200 10 @a中国近代手工业史资料@h第四卷@Azhong guo jin dai shou gong ye shi zi liao@e1840-1949@f彭泽益编
210    @a北京@c中华书局@d1984
215    @a595页@c表格@d21cm
606    @a手工业-工业史@y中国@z近代
606    @a工业史-手工业@y中国@z近代
606 0  @a工业经济@x中国
690    @aF429.5@v3
701  0 @a彭泽益@Apeng ze yi@4编
801  0 @aCN@b上海图书馆@c20040429
801  2 @aCN@bNLC@c20040429
905    @dF429.5@e28:4@f1@b106316
    
    中国近代手工业史资料.第四卷:1840-1949/彭泽益编.-北京:中华书局,1984
    595页:表格;21cm
    
    
    ISBN :CNY2.60
    
●
相关链接 在E读中查询图书 在五车中查询图书 在当当中查询图书 在豆瓣中查询图书


正题名:中国近代手工业史资料     索取号:F429.5/28:4         预约/预借

序号 登录号 条形码 馆藏地/架位号 状态 备注
1 0106310   001656309   密集书库/ [索取号:F429.5/28:4] 在馆    
2 0106312   001656318   密集书库/ [索取号:F429.5/28:4] 在馆    
3 0106314   001656363   密集书库/ [索取号:F429.5/28:4] 在馆    
4 0106316   000209223   第一借阅区/ [索取号:F429.5/28:4] 在馆    
5 0106317   001656292   密集书库/ [索取号:F429.5/28:4] 在馆    
唐山师范学院图书馆 欢迎您!
大连网信软件有限公司© 版权所有